000 00416nam a22001697a 4500
005 20260617092159.0
020 _a978-81-988443-4-7
041 _aEnglish
082 _aT20 R25 STE
100 _aStephen Jeyaseela.S
245 _aThamizh Ilakkiya Varalaaru -Puthucherriyil Malarnthu Valarnthathu 1735-1878
250 _a1
260 _aChennai
_bNCBH
_c2025
300 _a128
365 _b120.00
942 _cBK
999 _c177908
_d177908